| 000 | 01157nam2a2200325 4500 | ||
|---|---|---|---|
| 001 | RU\NLR\DIGIT\NP\000793 | ||
| 005 | 20250806203853.0 | ||
| 035 | _a(NLR Aleph) 010181716 | ||
| 090 |
_a59931 _c59931 |
||
| 100 | _a20250806 rusy50 | ||
| 101 | _arus | ||
| 102 | _aRU | ||
| 110 | _acya|||||||| | ||
| 135 | _acrcn 024apaba | ||
| 200 | 1 | _a1943, № 6 (7193) - 264 (7445) | |
| 210 | _d1943 | ||
| 325 | _aКопия доступна в Электрон. б-ке РНБ http://vivaldi.nlr.ru/ap000000067/view | ||
| 461 | 0 |
_1001RU\NLR\DIGIT\NP\000789$01 _12001#$aСоветская Сибирь |
|
| 462 |
_1001RU\NLR\DIGIT\NP\000790 _1200##$a1943, № 6 (7193) - 264 (7445) |
||
| 801 |
_aRU _bElar |
||
| 856 | 0 | _uhttp://vivaldi.nlr.ru/ap000000067/view | |
| 856 | 1 | _uhttp://vivaldi.nlr.ru/ap000000067/cover | |
| 856 | 2 | _uhttp://vivaldi.nlr.ru/ap000000067/text | |
| 942 | _cISSNP | ||
| 945 | _aРоссийская национальная библиотека | ||
| 980 | _aNB | ||
| 980 | _aBV | ||
| 981 | 2 | 7 |
_a(27) Периодические издания _b(27) Газеты |